Deutsche Bundesländer nach durchschnittlicher Gemeinde - Fläche - Statistiken

Allgemein
  • Dieses Quiz wurde 102 mal gespielt
  • Das Durchschnittsergebnis liegt bei 8 aus 16
Antwortstatistiken
durchschn. Fläche Bundesland % Korrekt
891,7 Berlin
97%
755,1 Hamburg
95%
209,7 Bremen
94%
93,8 Sachsen-Anhalt
60%
86,1 Nordrhein-Westfalen
54%
50,8 Niedersachsen
46%
71,3 Brandenburg
44%
34,3 Bayern
43%
50 Hessen
43%
44 Sachsen
37%
32,5 Baden-Württemberg
35%
32 Mecklenburg-Vorpommern
33%
8,6 Rheinland-Pfalz
33%
49,4 Saarland
33%
14,3 Schleswig-Holstein
32%
25,7 Thüringen
24%
Keine übereinstimmenden Quizze gefunden
Verteilung der Resultate
Anzahl Personen mit jedem Resultat
Perzentil nach korrekt beantworteten Fragen
Ihre Resultats-Entwicklung
Sie haben dieses Quiz noch nicht gespielt